Digital literacy essentials: Understanding and engaging with media (Record no. 397241)

MARC details
000 -LEADER
fixed length control field 00613 a2200217 4500
005 - DATE & TIME
control field 20260417115852.0
008 - FIXED-LENGTH DATA ELEMENTS--GENERAL INFORMATION
fixed length control field 260416b |||||||| |||| 00| 0 eng d
020 ## - ISBN
International Standard Book Number 9789392003363
Price Rs. 1595.00
040 ## - CATALOGING SOURCE
Original cataloging agency VIVEKANANDA LIBRARY
082 ## - DDC NUMBER
Classification number 302.231
Book Number P886D
100 ## - MAIN ENTRY--PERSONAL NAME
Personal name Paramveer Singh, ed.
245 ## - TITLE STATEMENT
Title Digital literacy essentials: Understanding and engaging with media
260 ## - PUBLICATION, DISTRIBUTION, ETC. (IMPRINT)
Name of publisher, distributor, etc K K Publications
Date of publication, distribution, etc 2025
Place of publication, distribution, etc New Delhi
300 ## - PHYSICAL DESCRIPTION
Pages 425
650 ## - Subject
Subject Social Media
650 ## - Subject
Subject Social Interaction
650 ## - Subject
Subject Internet- Digital Media
650 ## - Subject
Subject Mass Media
700 ## - Added Entry Personal Name
Added Entry Personal Name Bharadwaj, Mayank, ed.
942 ## - ADDED ENTRY ELEMENTS (KOHA)
Koha item type Books
Holdings
Withdrawn status Lost status Source of classification or shelving scheme Damaged status Not for loan Location (home branch) Sublocation or collection (holding branch) Shelving location Date acquired Koha issues (times borrowed) Koha full call number Accession No. Koha date last seen Koha item type
    Dewey Decimal Classification     VIVEKANANDA LIBRARY VIVEKANANDA LIBRARY Vivekananda Library 01/04/2026   302.231 P886D 450065 01/04/2026 Books
© Designed and Maintained by Vivekananda Library, MDU Rohtak